[Event "FRA-chT U20 0506"]
[Site "France"]
[Date "2005.11.13"]
[Round "3.8"]
[White "Moncomble, Jeremy"]
[Black "Bianchi, Tobias"]
[Result "0-1"]
[WhiteElo "1280"]
[BlackElo "1009"]
[PlyCount "72"]
[EventDate "2005.11.12"]
[EventType "team"]
[EventRounds "3"]
[EventCountry "FRA"]
[SourceTitle "CBM 109 Extra"]
[Source "ChessBase"]
[SourceDate "2006.01.03"]
[SourceVersion "2"]
[SourceVersionDate "2006.01.03"]
[SourceQuality "1"]

1. e4 e5 2. Nf3 Nc6 3. Bc4 Bc5 4. h3 Nf6 5. 0-0 0-0 6. Re1 d6 7. d3 h6 8. Be3 Bb6 9. Nc3 Be6 10. Rc1 Bxc4 11. dxc4 Ba5 12. a4 Re8 13. Rf1 Bb4 14. Na2 Bc5 15. Qe2 Nxe4 16. Bxc5 Nxc5 17. Nc3 e4 18. Nd2 f5 19. Nd5 Nxa4 20. Nf4 Nxb2 21. Rb1 Na4 22. Ra1 Nc5 23. Ng6 Nd4 24. Rac1 Qg5 25. Ne7+ Rxe7 26. Rcd1 e3 27. fxe3 Rxe3 28. Qf2 Ne2+ 29. Kh1 Ng3+ 30. Kg1 Nxf1 31. Rxf1 Rxh3 32. Nb1 Ne4 33. Qe2 Rh1+ 34. Kxh1 Ng3+ 35. Kh2 Qh4+ 36. Kg1 Nxe2# 0-1

[Event "FRA-chT U20 0506"]
[Site "France"]
[Date "2005.11.12"]
[Round "1.8"]
[White "Baris, Florent"]
[Black "Bianchi, Tobias"]
[Result "1-0"]
[WhiteElo "1270"]
[BlackElo "1009"]
[PlyCount "95"]
[EventDate "2005.11.12"]
[EventType "team"]
[EventRounds "3"]
[EventCountry "FRA"]
[SourceTitle "CBM 109 Extra"]
[Source "ChessBase"]
[SourceDate "2006.01.03"]
[SourceVersion "2"]
[SourceVersionDate "2006.01.03"]
[SourceQuality "1"]

1. e4 d6 2. Bc4 b5 3. Bd5 c6 4. Bb3 e5 5. Nf3 Nf6 6. Nc3 Be7 7. d3 0-0 8. Bg5 h6 9. Bh4 c5 10. Nd5 Nxd5 11. exd5 Qa5+ 12. Nd2 Bxh4 13. c3 Qd8 14. Nf3 Bg4 15. h3 Bf5 16. Nxh4 Qxh4 17. g3 Qf6 18. g4 Bd7 19. d4 c4 20. Bc2 exd4 21. cxd4 Qh4 22. b3 cxb3 23. axb3 Na6 24. Rxa6 Rfe8+ 25. Kf1 Rad8 26. Qd3 Bc8 27. Qh7+ Kf8 28. Rxa7 Rd7 29. Ra8 Rde7 30. Kg2 Re2 31. Rf1 Rxc2 32. Rxc8 Rexc8 33. Qf5 Ra2 34. Qxc8+ Ke7 35. Qb7+ Kf8 36. Qxb5 Qg5 37. Qd3 Qxd5+ 38. Kg1 Qh5 39. gxh5 Ra5 40. Qh7 Rg5+ 41. Kh2 Rxh5 42. Qh8+ Ke7 43. Re1+ Kd7 44. Qe8+ Kc7 45. Re7+ Kb6 46. Qc8 f5 47. Rb7+ Ka6 48. Qa8# 1-0